| 000 | nam a22 7a 4500 | ||
|---|---|---|---|
| 999 |
_c329594 _d329594 |
||
| 003 | NUST | ||
| 005 | 20171115105647.0 | ||
| 008 | 170515b xxu||||| |||| 00| 0 eng d | ||
| 040 | _cNUST | ||
| 082 |
_a891.4391 _bELI |
||
| 100 |
_aElia, Jon _9750 |
||
| 245 |
_aYaani _cby Jon Elia |
||
| 260 |
_aLahore: _bAl-Hamad Publications, _c2007 |
||
| 300 | _a200 p. | ||
| 500 | _aPoetry | ||
| 650 |
_aUrdu-Poetry _9751 |
||
| 880 |
_aجون ایلیا _6100-01 (3\r |
||
| 880 |
_aیعنی _6245-02\(3\r _cجون ایلیا |
||
| 880 |
_aلاہور: _6260-03\(3\r _bالحمد پبلی کیشنز، _c2007 |
||
| 942 |
_2ddc _cBK |
||